000 01553nam a22002537a 4500
999 _c57221
_d57221
003 Ge_BSU
005 20200121145316.0
008 200121s2019 ge ||||| |||| 00| 0 geo d
020 _a9789941808258
041 _ageo
080 _a2(479.22):21/29(479.22)რ-40
245 _aრელიგიები საქართველოში = Religions in Georgia :
_bფოტოალბომი /
_cმთ. რედაქტორი ზაზა ვაშაყმაძე ; ფოტოების ავტორები: გიორგი ბაგრატიონი ; ილია ჭკადუა ; სალომე მელაძე.
264 _aთბილისი,
_c2019.
300 _a200 გვ. :
_bფოტ. ;
_c30 სმ.
546 _aგარეკანი, თავფურცელი და ტექსტი ქართ. და ინგლ. ენებზე
653 _aრელიგია
653 _aფოტოალბომი
700 _aვაშაყმაძე, ზაზა
_eმთავარი რედაქტორი
_958
700 _aბაგრატიონი, გიორგი
_eფოტოს ავტორი
_95945
700 _aჭკადუა, ილია
_eფოტოს ავტორი
_96267
700 _aმელაძე, სალომე
_eფოტოს ავტორი
_96268
710 _eრელიგიის საკითხთა სახელმწ. სააგენტო
_96269
942 _2udc
_cBK